Central Library OPAC University of Rajshahi

German for the technologist / (Record no. 7426)

MARC details
000 -LEADER
fixed length control field 00711cam a22002531 4500
001 - CONTROL NUMBER
control field 7426
003 - CONTROL NUMBER IDENTIFIER
rucl marc code BD-RjUL
005 - DATE AND TIME OF LATEST TRANSACTION
control field 20211208234418.0
008 - FIXED-LENGTH DATA ELEMENTS--GENERAL INFORMATION
fixed length control field 150114r19641960enk 001 0 eng d
035 ## - SYSTEM CONTROL NUMBER
System control number (BD-RjUL)7469
System control number (OCoLC)4406771
040 ## - CATALOGING SOURCE
Original cataloging agency DLC
Transcribing agency OCl
Modifying agency OCoLC
-- Uk
-- DLC
-- BD-RjUL
Language of cataloging eng
041 0# - LANGUAGE CODE
Language code of text/sound track or separate title engger
082 ## - DEWEY DECIMAL CLASSIFICATION NUMBER
Classification number 438.242
Author mark and year ANG 1964
100 1# - MAIN ENTRY--PERSONAL NAME
Personal name Anderson, Walter E.
9 (RLIN) 23215
245 10 - TITLE STATEMENT
Title German for the technologist /
260 ## - PUBLICATION, DISTRIBUTION, ETC. (IMPRINT)
Place of publication, distribution, etc. London,
Name of publisher, distributor, etc. Harrap
Date of publication, distribution, etc. c1960 [reprinted1964 ]
300 ## - PHYSICAL DESCRIPTION
Pagination 293 p.
Size 17 cm.
650 #0 - SUBJECT ADDED ENTRY--TOPICAL TERM
Topical term or geographic name as entry element German language
General subdivision Readers
-- Science.
9 (RLIN) 23216
Topical term or geographic name as entry element German language
General subdivision Grammar
9 (RLIN) 23217
942 ## - ADDED ENTRY ELEMENTS (KOHA)
Source of classification or shelving scheme Dewey Decimal Classification
Koha item type Books
Holdings
Lost status Source of classification or shelving scheme Damaged status Not for loan Collection code Permanent Location Current Location Shelving location Date acquired Source of acquisition Total Checkouts Full call number Date last seen Copy number Koha item type
  Dewey Decimal Classification     Non-fiction Central Library, University of Rajshahi Central Library, University of Rajshahi   08/01/1964 Zeitlinger   438.242 ANG 1964 15/01/2014 C-3 Books